000 00305 a2200097 4500
100 1 _aChodounsky, J..
_eAutor
700 1 _aVajgl, J..
_eAutor
245 0 _aPrirucka pro stavbu a udrzbu nadzemnich trati /
_cChodounsky J., Vajgl J..
710 2 _aNADAS.
_eWydawca
_4pbl
260 _aPraha :
_bNADAS,
_c1971.
300 _a214 s.;
_c20 cm.
999 _c4146
_d4146